[Event "Michigan Open"]
[Site "Lansing, MI"]
[Date "2002.09.01"]
[Round "2.42"]
[White "Thomas, Henry"]
[Black "Czuhai, Kevin"]
[Result "0-1"]
[WhiteElo "1774"]
[BlackElo "2204"]
[Annotator "Jeff Aldrich"]
[PlyCount "70"]
[EventDate "2002.08.30"]

{Sicilian: Alapin (Smith-Morra)} 1. e4 c5 2. d4 cxd4 3. c3 Nf6 {White is
trying to play the Smith-Morra gambit. Black chooses to transpose to the
Alapin variation.} 4. e5 Nd5 5. cxd4 d6 6. Nf3 e6 7. Bc4 Nb6 8. Bb3 Nc6 9. O-O
Be7 10. Nc3 O-O 11. Bf4 d5 {Giving the position a "French" feel.} 12. a3 Bd7
13. Bc2 f6 {A common idea in the French. Black picks away at the pawn chain.}
14. Qd3 f5 15. Ne2 Be8 16. g4 {Overly aggressive. I get the feeling that this
move will be more successful in opening up his own king, as opposed to aiding
in the attack.} Bg6 17. g5 Bh5 18. h4 Rc8 19. Rac1 Nc4 20. b4 b5 21. Ng3 $2 {
The beginning of the end. White has a lot of problems, but this speeds up the
Black invasion.} Bxf3 22. Qxf3 Nxd4 23. Qd3 Nxc2 24. Rxc2 a5 25. Rb1 Qb6 26. h5
axb4 27. axb4 Bxg5 $1 {Deflecting the bishop.} 28. Bxg5 Nxe5 29. Be3 Nxd3 30.
Rxc8 Qd6 31. Rxf8+ Qxf8 {White has a bishop and rook for the queen, but those
are some killer center pawns.} 32. Bd2 f4 33. Ne2 Qf5 34. Nd4 Qg4+ 35. Kf1 f3
0-1

[Event "Michigan Open Reserve"]
[Site "Lansing, MI"]
[Date "2002.09.01"]
[Round "4.13"]
[White "Swathell, Gary"]
[Black "Staples, Christian"]
[Result "1/2-1/2"]
[WhiteElo "1500"]
[BlackElo "1775"]
[PlyCount "101"]
[EventDate "2002.08.30"]

1. Nf3 f5 2. g3 Nf6 3. Bg2 e6 4. O-O d5 5. c4 c6 6. cxd5 cxd5 7. d4 Bd6 8. Bg5
O-O 9. Qc1 Nc6 10. Bf4 Ne4 11. Bxd6 Qxd6 12. Nbd2 Bd7 13. Qd1 Be8 14. Nb3 Bh5
15. a3 b6 16. Rc1 f4 17. Nbd2 Nxd2 18. Qxd2 fxg3 19. fxg3 Rac8 20. Bh3 h6 21.
Rcd1 Rf6 22. Nh4 Rcf8 23. Rxf6 Rxf6 24. Rf1 Qf8 25. Rxf6 Qxf6 26. e3 Na5 27.
Qc1 Nc4 28. b3 Nd6 29. Qf1 Qe7 30. Ng2 Ne4 31. Nf4 Bf7 32. Qc1 Kh7 33. b4 e5
34. Bf5+ g6 35. Bxe4 dxe4 36. dxe5 Qxe5 37. Ne2 a5 38. bxa5 Qxa5 39. Qc3 Qb5
40. Kf2 Qf5+ 41. Ke1 Qd7 42. Qd4 Qe7 43. Qc3 h5 44. Qb4 Qxb4+ 45. axb4 Be8 46.
h4 Kg7 47. Nf4 Bf7 48. Kd2 Kf6 49. Nh3 Ke5 50. Kc3 b5 51. Ng5 1/2-1/2

[Event "Michigan Open Reserve"]
[Site "Lansing, MI"]
[Date "2002.09.01"]
[Round "4.2"]
[White "Sundeen, David"]
[Black "Nelson, Peter"]
[Result "1/2-1/2"]
[WhiteElo "1647"]
[BlackElo "1383"]
[PlyCount "28"]
[EventDate "2002.08.30"]

1. e4 d6 2. d4 Nf6 3. Nc3 g6 4. h3 Bg7 5. Nf3 c6 6. Bc4 h6 7. Be3 a5 8. a4 Nbd7
9. O-O O-O 10. Qd2 Kh7 11. Bd3 e5 12. d5 c5 13. Nh2 g5 14. g4 Rh8 1/2-1/2

[Event "Michigan Open Reserve"]
[Site "Lansing, MI"]
[Date "2002.09.01"]
[Round "5.11"]
[White "Steen, Harold"]
[Black "Gattinger, John"]
[Result "1-0"]
[WhiteElo "1642"]
[BlackElo "1488"]
[PlyCount "101"]
[EventDate "2002.08.30"]

1. d4 e6 2. e3 Nf6 3. Bd3 c5 4. Nf3 Nc6 5. Nbd2 cxd4 6. exd4 g6 7. O-O Bg7 8.
c3 O-O 9. Re1 Re8 10. Ne4 Nxe4 11. Bxe4 d5 12. Bc2 Bd7 13. Qd3 f5 14. Ne5 Nxe5
15. dxe5 Qc7 16. f4 a6 17. h4 Rad8 18. Qg3 Bc6 19. b3 Bf8 20. h5 Kg7 21. Bb2 b5
22. Rad1 Qa7+ 23. Kh1 Bc5 24. Re2 Kf7 25. Qg5 Be7 26. Qh6 Rh8 27. g4 d4+ 28.
Kh2 Bf3 29. gxf5 Bxh5 30. Rxd4 Bxe2 31. f6 Rdg8 32. fxe7 Qxe7 33. Be4 Bh5 34.
Kg3 Rd8 35. Ba3 Qe8 36. Bd6 Kg8 37. c4 bxc4 38. Rxc4 Qf7 39. Rc7 Qxc7 40. Bxc7
Rd4 41. Bd6 Kf7 42. Qg5 Re8 43. Bc6 Rd3+ 44. Kh4 h6 45. Qf6+ Kg8 46. Bxe8 Rd1
47. Qxe6+ Kh7 48. Qf7+ Kh8 49. Bf8 g5+ 50. Kxh5 Rh1+ 51. Kg6 1-0

[Event "Michigan Open Reserve"]
[Site "Lansing, MI"]
[Date "2002.09.01"]
[Round "5.14"]
[White "Staples, Christian"]
[Black "Mose, Greg"]
[Result "1-0"]
[WhiteElo "1775"]
[BlackElo "1500"]
[PlyCount "107"]
[EventDate "2002.08.30"]

1. e4 c5 2. Nf3 d6 3. c3 Nf6 4. Qc2 Nc6 5. Be2 e5 6. O-O Be7 7. Na3 a6 8. Nc4
O-O 9. Ne3 d5 10. exd5 Nxd5 11. Rd1 Nf4 12. Bf1 b5 13. Nf5 Bf6 14. d4 cxd4 15.
cxd4 Nb4 16. Qe4 Bxf5 17. Qxf5 Ne6 18. a3 Nc6 19. d5 Ne7 20. Qe4 Nc5 21. Qb4
Rc8 22. d6 Nf5 23. Rd5 Na4 24. Be3 Nxe3 25. fxe3 e4 26. Qxe4 Bxb2 27. Ng5 g6
28. Qh4 h5 29. g4 Rc4 30. Bxc4 Kg7 31. Rf1 Bf6 32. gxh5 Bxg5 33. Qxg5 Qxg5+ 34.
Rxg5 bxc4 35. hxg6 f6 36. Ra5 Nc3 37. Rxa6 Kxg6 38. d7 Nd5 39. Rd6 Nxe3 40.
Rfxf6+ Rxf6 41. Rxf6+ Kxf6 42. d8=Q+ Ke6 43. Qd4 Nd5 44. Qxc4 Kd6 45. a4 Nb6
46. Qb5 Kc7 47. a5 Nd7 48. h4 Nb8 49. h5 Nd7 50. h6 Nb8 51. h7 Nd7 52. h8=Q Nb6
53. Qxb6+ Kd7 54. Qh7+ 1-0

[Event "Michigan Open Booster"]
[Site "Lansing, MI"]
[Date "2002.09.01"]
[Round "4.7"]
[White "Spindleman, Brian"]
[Black "Lawitzke, John"]
[Result "1-0"]
[WhiteElo "960"]
[BlackElo "896"]
[PlyCount "75"]
[EventDate "2002.08.30"]

1. d4 Nf6 2. Bg5 e6 3. e4 Be7 4. Nc3 d5 5. e5 Nfd7 6. Bxe7 Qxe7 7. Nf3 O-O 8.
Qd3 c5 9. Nb5 Nb6 10. c3 Nc6 11. Na3 cxd4 12. cxd4 Bd7 13. Be2 Qb4+ 14. Qc3
Qxc3+ 15. bxc3 f6 16. exf6 Rxf6 17. O-O a6 18. Rab1 Nc4 19. Nxc4 dxc4 20. Rxb7
Rf7 21. Rfb1 Na5 22. Rb8+ Rf8 23. Rxf8+ Kxf8 24. h3 h6 25. Ne5 Ke7 26. Nxd7
Kxd7 27. Bg4 Kc7 28. Bxe6 Rb8 29. Rxb8 Kxb8 30. Kf1 Kc7 31. Ke2 Nc6 32. Bxc4
Kb6 33. Bd5 Ne7 34. Be4 a5 35. a4 Kc7 36. c4 Kd6 37. Ke3 g5 38. f4 1-0

[Event "Michigan Open"]
[Site "Lansing, MI"]
[Date "2002.09.01"]
[Round "4.14"]
[White "Skidmore, Jennifer"]
[Black "Farmand, Farnood"]
[Result "1/2-1/2"]
[WhiteElo "1843"]
[BlackElo "1693"]
[PlyCount "81"]
[EventDate "2002.08.30"]

1. e4 e5 2. f4 d6 3. Bc4 Nf6 4. d3 Nc6 5. Nf3 Be7 6. O-O O-O 7. Nc3 Bg4 8. Qe1
Bxf3 9. Rxf3 Nd4 10. Rg3 Nxc2 11. Qd1 Nxa1 12. fxe5 dxe5 13. Bh6 g6 14. Bxf8
Bxf8 15. Qxa1 Qd4+ 16. Kh1 c6 17. Ne2 Qf2 18. Ng1 Bc5 19. Nh3 Qe2 20. Rf3 Kg7
21. Qc1 b5 22. Bxf7 Bd4 23. Be6 Rf8 24. Ng1 Qxb2 25. Qf1 Qa1 26. Ne2 Qxf1+ 27.
Rxf1 Rd8 28. Rc1 Rd6 29. Nxd4 Rxd4 30. Rxc6 Rxd3 31. Rc7+ Kh6 32. h3 Rd6 33.
Bb3 a5 34. Rc5 a4 35. Bc2 Rd2 36. Kh2 Nd7 37. Rc7 Nb6 38. Rc5 Nc4 39. Bxa4 bxa4
40. Rxc4 Rxa2 41. Rc5 1/2-1/2

[Event "Michigan Open Booster"]
[Site "Lansing, MI"]
[Date "2002.09.01"]
[Round "4.10"]
[White "Shetty, Atulya"]
[Black "Crist, Kevin"]
[Result "1-0"]
[WhiteElo "1033"]
[BlackElo "1249"]
[PlyCount "99"]
[EventDate "2002.08.30"]

1. c3 Nf6 2. Nf3 d5 3. d4 Bf5 4. e3 e6 5. c4 c5 6. Nc3 cxd4 7. exd4 Bb4 8. Qa4+
Nc6 9. Ne5 Bxc3+ 10. bxc3 Rc8 11. cxd5 Nxd5 12. Nxc6 bxc6 13. Ba3 Nxc3 14. Qxa7
Nb5 15. Bxb5 cxb5 16. O-O Ra8 17. Qc5 Rxa3 18. Qxa3 Qxd4 19. Qa8+ Qd8 20. Qxd8+
Kxd8 21. a4 bxa4 22. Rxa4 Ke7 23. g4 Bd3 24. Re1 Rd8 25. Rd1 Bc2 26. Ra7+ Ke8
27. Rxd8+ Kxd8 28. Ra2 Bd1 29. Rd2+ Ke7 30. Rxd1 h6 31. h4 f5 32. Rd4 Kf6 33.
Kg2 g5 34. gxf5 exf5 35. hxg5+ hxg5 36. Kg3 Ke5 37. Ra4 Ke6 38. f4 g4 39. Kh4
Kd5 40. Kg5 g3 41. Kxf5 g2 42. Ra1 Kd4 43. Rg1 Ke3 44. Rxg2 Kf3 45. Ra2 Ke3 46.
Kg5 Ke4 47. f5 Ke5 48. f6 Ke6 49. Kg6 Kd7 50. Kg7 1-0

[Event "Michigan Open Reserve"]
[Site "Lansing, MI"]
[Date "2002.09.01"]
[Round "4.6"]
[White "Schey, Danny"]
[Black "Bolda, Dan G"]
[Result "1-0"]
[WhiteElo "1674"]
[BlackElo "1600"]
[PlyCount "115"]
[EventDate "2002.08.30"]

1. c4 Nf6 2. g3 c6 3. Bg2 e6 4. e4 d5 5. e5 Nfd7 6. d4 Be7 7. cxd5 cxd5 8. Qg4
Bb4+ 9. Kf1 Kf8 10. Ne2 Nc6 11. Nbc3 a6 12. Qf4 Nb6 13. a3 Be7 14. Bf3 Bd7 15.
g4 h6 16. Qg3 Bh4 17. Qg2 Nc4 18. b3 N4a5 19. Rb1 Bg5 20. Be3 Bxe3 21. fxe3 Qb6
22. Na4 Qa7 23. Nc5 Be8 24. Qf2 Kg8 25. Nd3 Rc8 26. Kg2 Ne7 27. Rhc1 Rxc1 28.
Nexc1 Qb6 29. Rb2 Ng6 30. Bd1 Qd8 31. Kg1 Qg5 32. Nf4 h5 33. Nxg6 Qxg6 34. Qg3
hxg4 35. Qxg4 Qxg4+ 36. Bxg4 Rh6 37. Rg2 Rg6 38. Kf2 f5 39. exf6 Rxf6+ 40. Ke1
Bb5 41. Rg1 Kh7 42. a4 Be8 43. Bd1 Kh6 44. Rg3 g5 45. Nd3 Bg6 46. Nc5 Bf5 47.
Kd2 Bg6 48. Rh3+ Kg7 49. Kc3 Kf7 50. Rf3 Rxf3 51. Bxf3 Ke7 52. Be2 b5 53. axb5
axb5 54. Bxb5 Kd6 55. b4 Nc4 56. Bxc4 dxc4 57. Kxc4 Bh5 58. b5 1-0

[Event "Michigan Open Reserve"]
[Site "Lansing, MI"]
[Date "2002.09.01"]
[Round "4.16"]
[White "Schell, Ken"]
[Black "Monge, Jeff"]
[Result "1-0"]
[WhiteElo "1500"]
[BlackElo "1575"]
[PlyCount "61"]
[EventDate "2002.08.30"]

1. e4 e6 2. d4 d5 3. e5 c5 4. c3 Nc6 5. Nf3 Bd7 6. Be2 Nge7 7. O-O Nf5 8. Bd3
cxd4 9. Bxf5 exf5 10. cxd4 f6 11. Nc3 fxe5 12. Nxe5 Nxe5 13. Re1 Be7 14. Rxe5
O-O 15. Nxd5 Bd6 16. Re1 Qh4 17. g3 Qh3 18. Qb3 Kh8 19. Bf4 Bc6 20. Bxd6 Rad8
21. Nf4 Qh6 22. Bxf8 Rxf8 23. d5 Be8 24. Qe3 g5 25. Qe5+ Kg8 26. Qe6+ Qxe6 27.
Nxe6 Rf6 28. Nxg5 Bd7 29. Ne6 b6 30. Rac1 Bb5 31. Rc7 1-0

[Event "Michigan Open Reserve"]
[Site "Lansing, MI"]
[Date "2002.09.01"]
[Round "4.17"]
[White "Saylor, Oliver"]
[Black "Hazzard, Bill"]
[Result "0-1"]
[WhiteElo "1414"]
[BlackElo "1573"]
[PlyCount "108"]
[EventDate "2002.08.30"]

1. e4 c5 2. Nf3 d6 3. d4 cxd4 4. Nxd4 Nf6 5. Nc3 a6 6. Be2 g6 7. Be3 Bg7 8. Qd2
O-O 9. Bh6 Nc6 10. Bxg7 Kxg7 11. O-O Qb6 12. Nxc6 bxc6 13. Rab1 Be6 14. a3 Rfd8
15. Qf4 Nd7 16. Bg4 Bxg4 17. Qxg4 Ne5 18. Qe2 Rab8 19. Kh1 a5 20. f4 Nd7 21. f5
Nf6 22. e5 dxe5 23. Qxe5 Rb7 24. fxg6 hxg6 25. Ne4 Qd4 26. Qxd4 Rxd4 27. Nxf6
exf6 28. Rf2 Rxb2 29. Rbf1 f5 30. g3 Ra2 31. c3 Rxf2 32. Rxf2 Rd3 33. Rc2 g5
34. Kg2 g4 35. Kf2 c5 36. Ke2 c4 37. a4 Kg6 38. Kf2 Kg5 39. Ke2 f4 40. gxf4+
Kxf4 41. Rc1 f5 42. Rf1+ Kg5 43. Rc1 f4 44. Rc2 f3+ 45. Kf2 Kh4 46. Ke1 g3 47.
hxg3+ Kxg3 48. Rc1 f2+ 49. Kf1 Kf3 50. Rb1 Rxc3 51. Rb3 Re3 52. Rb1 c3 53. Rc1
c2 54. Rd1 cxd1=Q# 0-1

[Event "Michigan Open"]
[Site "Lansing, MI"]
[Date "2002.09.01"]
[Round "4.4"]
[White "Santiago, Reynaldo"]
[Black "O'Donnell, Robert"]
[Result "0-1"]
[WhiteElo "2000"]
[BlackElo "2165"]
[PlyCount "86"]
[EventDate "2002.08.30"]

{Sicilian: Boleslavsky} 1. e4 c5 2. Nf3 d6 3. d4 cxd4 4. Nxd4 Nf6 5. Nc3 Nc6 6.
Be2 e5 7. Nb3 Be7 8. O-O Be6 9. Bf3 a5 10. a4 Nb4 11. Bg5 O-O 12. Qd2 Qd7 13.
h3 b6 14. Rfd1 Rfd8 15. Be3 Qb7 16. Rac1 Rac8 17. Bg5 Rd7 18. Bxf6 Bxf6 19. Nd5
Nxd5 20. exd5 Bf5 21. g4 Bg6 22. Be2 h6 23. Bb5 Bg5 24. Bc6 Rxc6 25. dxc6 Qxc6
26. Qe2 Bxc1 27. Rxc1 Rc7 28. f3 Qxa4 29. Kg2 Qc4 30. Qf2 a4 31. Na1 Qc5 32.
Qd2 d5 33. h4 e4 34. f4 e3 35. Qe2 Be4+ 36. Kg3 d4 37. Rd1 b5 38. g5 Rc6 39.
Qg4 Bf5 40. Qf3 Rd6 41. Re1 Bd7 42. h5 hxg5 43. fxg5 Qxg5+ 0-1

[Event "Michigan Open Booster"]
[Site "Lansing, MI"]
[Date "2002.09.01"]
[Round "4.1"]
[White "Sanders, Travis"]
[Black "Feller, Brad"]
[Result "1/2-1/2"]
[WhiteElo "1271"]
[BlackElo "1304"]
[PlyCount "97"]
[EventDate "2002.08.30"]

1. e4 c5 2. Nf3 d6 3. d4 Bg4 4. dxc5 Bxf3 5. Qxf3 Qa5+ 6. Qc3 Qxc5 7. Qxc5 dxc5
8. Bb5+ Nd7 9. Bxd7+ Kxd7 10. O-O Rd8 11. Rd1+ Kc8 12. Rxd8+ Kxd8 13. b3 f6 14.
f4 e6 15. Bb2 Ne7 16. Nd2 Nc6 17. Nf3 Be7 18. a3 Kc7 19. Rd1 Rd8 20. Rxd8 Kxd8
21. g4 Bd6 22. e5 fxe5 23. Nxe5 Nxe5 24. fxe5 Bc7 25. Kf2 Ke7 26. Ke3 g5 27. c4
Ba5 28. Kd3 Be1 29. Ke2 Ba5 30. Kd3 Be1 31. Bc3 Bf2 32. b4 Kd7 33. b5 b6 34. a4
Bg1 35. h3 Bh2 36. Ke4 Bf4 37. Be1 h6 38. Bf2 Ke7 39. Be3 Bxe3 40. Kxe3 Kf7 41.
Kf3 Kg6 42. Ke3 Kf7 43. Kd3 Ke7 44. Kc3 Kd7 45. Kb3 Kc7 46. a5 Kb7 47. Ka4 Kc7
48. axb6+ axb6 49. Kb3 1/2-1/2

[Event "Michigan Open Reserve"]
[Site "Lansing, MI"]
[Date "2002.09.01"]
[Round "1.45"]
[White "Raban, David"]
[Black "LaFerriere, Adam"]
[Result "1-0"]
[WhiteElo "1608"]
[BlackElo "1354"]
[PlyCount "55"]
[EventDate "2002.08.30"]

1. d4 d5 2. c4 e6 3. Nc3 Nf6 4. Bg5 dxc4 5. e4 Be7 6. Bxc4 Nc6 7. Nf3 O-O 8.
O-O Nd7 9. Bf4 Nb6 10. Bb3 Bd6 11. Bg5 Qd7 12. Rc1 a6 13. Qe2 Re8 14. Rfd1 Be7
15. Be3 Na5 16. Ne5 Qd6 17. Qf3 f6 18. Nd3 Nxb3 19. axb3 Qd8 20. Na4 Nxa4 21.
bxa4 Bd7 22. b3 c6 23. Nc5 b6 24. Nd3 b5 25. Nc5 Bxc5 26. Rxc5 Qe7 27. a5 Qf7
28. b4 {Remainder illegible} 1-0

[Event "Michigan Open Booster"]
[Site "Lansing, MI"]
[Date "2002.09.01"]
[Round "1.42"]
[White "Pratt, Gary"]
[Black "Buckles, Mark"]
[Result "0-1"]
[WhiteElo "987"]
[BlackElo "1274"]
[Annotator "Tim McGrew"]
[PlyCount "28"]
[EventDate "2002.08.30"]

{French: Two Knights} 1. e4 e6 2. Nf3 d5 3. Nc3 Bb4 4. e5 Bxc3 5. bxc3 c5 6. d4
Ne7 7. Bd3 O-O 8. Bg5 $2 {With this routine move White throws away a golden
opportunity.} (8. Bxh7+ $3 Kxh7 9. Ng5+ {DIAGRAM Analysis Diagram - Black to
Move And now all four of Black's defenses fail:} Kg8 (9... Kh6 10. Qg4 $1 (10.
Nxe6+ {merely wins the queen and some pawns for two minor pieces.}) 10... Nf5
11. Qh3+ Nh4 12. Qxh4+ Kg6 13. Qh7#) (9... Kg6 10. h4 $1 {and there is no good
answer to the coming} -- 11. h5+ {forcing the Black king into a fatal
discovered check.}) (9... Kh8 10. Qh5+ Kg8 11. Qh7#) 10. Qh5 Re8 11. Qh7+ $1 {
Because of Black's knight on e7, White comes in this way rather than taking
the pawn on f7. The reason becomes clear in a moment.} Kf8 12. Qh8+ Ng8 13.
Nh7+ {If there were no pawn on f7, Black's king could go there and continue to
defend g7. Now he is smoked out.} Ke7 14. Bg5+ f6 15. Qxg7#) 8... Nbc6 9. O-O
Bd7 10. Nh4 cxd4 11. cxd4 Nxd4 $2 12. Bxe7 (12. Qg4) 12... Qxe7 13. Rb1 b6 $2 (
13... Qxh4 $1) 14. g4 $4 Qxh4 {Not missing his chance the second time around.}
0-1

[Event "Michigan Open"]
[Site "Lansing, MI"]
[Date "2002.09.01"]
[Round "4.7"]
[White "Perkins, Michael"]
[Black "Davidovich, Manis"]
[Result "0-1"]
[WhiteElo "1584"]
[BlackElo "2007"]
[PlyCount "102"]
[EventDate "2002.08.30"]

1. b3 e5 2. Bb2 Nc6 3. e3 d5 4. Bb5 Bd6 5. Nf3 Qe7 6. c4 dxc4 7. Bxc6+ bxc6 8.
Qc2 Nf6 9. bxc4 c5 10. d3 Bd7 11. Nbd2 Bc6 12. Qc3 Nd7 13. O-O g5 14. d4 Bxf3
15. Nxf3 f6 16. dxe5 fxe5 17. Qc2 Rb8 18. Rab1 O-O 19. Qe4 Rb6 20. Qd5+ Kg7 21.
Bc3 g4 22. Rxb6 gxf3 23. Rxd6 cxd6 24. gxf3 Nb6 25. Qe4 Qf7 26. Rb1 Qxf3 27.
Qxf3 Rxf3 28. Kg2 Rf7 29. Kf1 Nxc4 30. Ke2 Kf8 31. Rb8+ Ke7 32. Rb7+ Ke6 33.
Rxf7 Kxf7 34. Kd3 Nb6 35. f4 exf4 36. exf4 Nd5 37. Bd2 Nb6 38. Ke4 d5+ 39. Kf5
Nc4 40. Bc1 a5 41. h4 a4 42. h5 a3 43. h6 Nb2 44. Bd2 Nd3 45. Ba5 Nc1 46. Bb6
Nb3 47. Ke5 c4 48. Kxd5 c3 49. Be3 c2 50. axb3 a2 51. b4 a1=Q 0-1

[Event "Michigan Open"]
[Site "Lansing, MI"]
[Date "2002.09.01"]
[Round "5.3"]
[White "O'Donnell, Robert"]
[Black "Davidovich, Manis"]
[Result "0-1"]
[WhiteElo "2165"]
[BlackElo "2007"]
[Annotator "Bob Ciaffone"]
[PlyCount "38"]
[EventDate "2002.08.30"]

{King's Indian: Yugoslav (Taimanov)} 1. d4 Nf6 2. Nf3 g6 3. c4 Bg7 4. Nc3 O-O
5. e4 {This is the Classical variation of the King's Indian, favored by
Finegold (and myself).} d6 6. Be2 e5 7. O-O Nc6 8. d5 Ne7 9. b4 {The Bayonet
Attack, possibly the KID's sternest test.} a5 ({The alternative is} 9... Nh5)
10. Ba3 {Correct. Taking on a5 allows Black to block the position with c5.} Nd7
11. bxa5 Rxa5 12. Bb4 Ra6 {Unusual, but not unknown. There are a couple of
games by players rated over 2400 in my database using this retreat.} 13. a4 {
GM Rashkowski's choice} Nc5 14. Ne1 f5 15. f3 Kh8 16. Ra3 $2 (16. Nd3 {is
consistent, with a long game ahead with chances for both players.}) 16... Ng8
17. Nd3 $2 {This positionally desirable move loses a piece, but I think the
previous move is where White really lost the game.} Nxd3 18. Qxd3 {DIAGRAM} c5
$1 {Game over. White drops a piece because his bishop is blocked of its
retreat square by the Ra3.} 19. dxc6 Qb6+ 0-1

[Event "Michigan Open Reserve"]
[Site "Lansing, MI"]
[Date "2002.09.01"]
[Round "5.16"]
[White "Nicolli, Randy"]
[Black "Swathell, Gary"]
[Result "1-0"]
[WhiteElo "1672"]
[BlackElo "1500"]
[PlyCount "131"]
[EventDate "2002.08.30"]

1. f4 Nf6 2. Nf3 d5 3. e3 g6 4. g3 Bg7 5. Bg2 O-O 6. O-O Bg4 7. h3 Bxf3 8. Qxf3
c6 9. d3 Qb6 10. Nc3 Nbd7 11. Rb1 e5 12. Kh1 exf4 13. exf4 Rae8 14. Bd2 a6 15.
Nd1 Rd8 16. Ne3 d4 17. Nc4 Qa7 18. Rbe1 Nd5 19. Re2 Qb8 20. Rfe1 Rfe8 21. Qf2
Rxe2 22. Rxe2 Re8 23. Qe1 N7f6 24. Ne5 Qc8 25. Kh2 Nb6 26. c3 dxc3 27. bxc3 Rd8
28. d4 Nbd7 29. g4 Nxe5 30. fxe5 Qc7 31. Bf4 Nd5 32. Bg3 Qc8 33. e6 fxe6 34.
Rxe6 Qd7 35. Bxd5 Qxd5 36. Re8+ Bf8 37. Rxd8 Qxd8 38. Qe6+ Kh8 39. Qf7 Bd6 40.
Qxb7 Bxg3+ 41. Kxg3 Qd6+ 42. Kf3 Qf6+ 43. Ke3 Qe6+ 44. Kd3 h5 45. Qb8+ Kh7 46.
Qe5 Qf7 47. Ke4 hxg4 48. hxg4 Qb7 49. Qe6 Qb1+ 50. Ke5 Qb8+ 51. Qd6 Qe8+ 52.
Kf6 Qh8+ 53. Kg5 Qg7 54. Qxc6 Qh6+ 55. Kf6 Qf4+ 56. Ke7 Kg7 57. d5 Qf8+ 58. Kd7
Qf7+ 59. Kc8 Qf8+ 60. Kb7 Qa3 61. d6 Qb2+ 62. Kc7 Qh2 63. g5 Qe5 64. Qd7+ Kg8
65. Qd8+ Kh7 66. Qe7+ 1-0

[Event "Michigan Open"]
[Site "Lansing, MI"]
[Date "2002.09.01"]
[Round "4.43"]
[White "Nichols, Tony"]
[Black "Decker, Dale"]
[Result "0-1"]
[WhiteElo "1801"]
[BlackElo "1832"]
[PlyCount "76"]
[EventDate "2002.08.30"]

{Scandinavian: Classical (Lasker)} 1. e4 d5 2. exd5 Qxd5 3. Nc3 Qa5 4. d4 Nf6
5. Nf3 Bg4 6. h3 Bh5 7. g4 Bg6 8. Ne5 e6 9. Nxg6 hxg6 10. Bg2 c6 11. Bd2 Qc7
12. Qe2 Bd6 13. O-O-O Nbd7 14. Kb1 O-O-O 15. f4 Bxf4 16. Bxf4 Qxf4 17. Rhf1 Qg5
18. Rd3 Rhf8 19. Qf2 Nb6 20. Ne4 Nxe4 21. Bxe4 f5 22. gxf5 gxf5 23. Rg1 fxe4
24. Qe1 Qf4 25. Rdg3 Nc4 26. Rxg7 Nd2+ 27. Ka1 Nf3 28. Qb4 Rf7 29. R7g4 Qe3 30.
Rb1 Nxd4 31. Qc4 Qd2 32. a4 Qxc2 33. Qxc2 Nxc2+ 34. Ka2 e3 35. Re4 Rd4 36. Rxd4
Nxd4 37. Re1 e2 38. a5 Rf1 0-1

[Event "Michigan Open"]
[Site "Lansing, MI"]
[Date "2002.09.01"]
[Round "3.42"]
[White "Nichols, Tony"]
[Black "Baze, Lineas"]
[Result "1/2-1/2"]
[WhiteElo "1801"]
[BlackElo "2000"]
[PlyCount "84"]
[EventDate "2002.08.30"]

1. e4 c5 2. Nc3 e6 3. g3 Nc6 4. Bg2 g6 5. d3 Bg7 6. Be3 d6 7. Qd2 Nd4 8. Nce2
Nxe2 9. Nxe2 Bxb2 10. Rb1 Bg7 11. c4 e5 12. O-O Ne7 13. Nc3 O-O 14. f4 Qc7 15.
fxe5 dxe5 16. Nd5 Nxd5 17. cxd5 b6 18. Bg5 f6 19. Be3 Bd7 20. Rbc1 Qd6 21. Rf2
Rac8 22. Bh6 Bb5 23. Bf1 Rc7 24. Bh3 Bd7 25. Bxd7 Rxd7 26. Be3 Rdf7 27. a4 f5
28. Rcf1 Qe7 29. Qc1 Qd6 30. Qd2 Qc7 31. Qc1 Qd7 32. Qc4 fxe4 33. Rxf7 Rxf7 34.
dxe4 Rxf1+ 35. Kxf1 Qh3+ 36. Kg1 Qd7 37. Kg2 Kf8 38. a5 Qg4 39. h3 Qd1 40. axb6
axb6 41. Qb5 Qc2+ 42. Kf3 Qd1+ 1/2-1/2

[Event "Michigan Open Reserve"]
[Site "Lansing, MI"]
[Date "2002.09.01"]
[Round "4.20"]
[White "Mose, Greg"]
[Black "Cendrowski, Chris"]
[Result "1-0"]
[WhiteElo "1500"]
[BlackElo "1461"]
[PlyCount "67"]
[EventDate "2002.08.30"]

1. e4 c6 2. d4 d5 3. Nc3 dxe4 4. Nxe4 Bf5 5. Ng3 Bg6 6. Nf3 Nd7 7. Be2 e6 8.
O-O Bd6 9. Be3 Ngf6 10. Nh4 Qc7 11. c4 c5 12. f4 O-O-O 13. Bf3 Kb8 14. Nxg6
hxg6 15. Ne2 g5 16. g3 g4 17. Bh1 Rh5 18. a3 Rdh8 19. Rf2 Nb6 20. b3 a6 21. a4
cxd4 22. Qxd4 Nfd7 23. Qxg7 e5 24. Qxf7 Bc5 25. Bxc5 Qxc5 26. a5 Rxh2 27. Bg2
R8h7 28. Qg8+ Nc8 29. Qd5 Qa7 30. b4 R2h5 31. f5 Rxf5 32. c5 Rhf7 33. Rxf5 Rxf5
34. Qxd7 1-0

[Event "Michigan Open Reserve"]
[Site "Lansing, MI"]
[Date "2002.09.01"]
[Round "5.12"]
[White "Moore, Robert"]
[Black "Hershberger, Kent"]
[Result "1/2-1/2"]
[WhiteElo "1609"]
[BlackElo "1474"]
[PlyCount "61"]
[EventDate "2002.08.30"]

1. e4 e5 2. Nf3 Nf6 3. d4 Nxe4 4. dxe5 Be7 5. Bd3 Nc5 6. Bc4 O-O 7. O-O d6 8.
exd6 Bxd6 9. Nc3 Bg4 10. b4 Ne6 11. Bxe6 fxe6 12. Ne4 Bxf3 13. gxf3 Qe8 14.
Nxd6 cxd6 15. Qxd6 Rxf3 16. Bf4 Nc6 17. Bg3 Rd8 18. Qc5 Rd5 19. Qc4 b5 20. Qe2
Rdf5 21. Rfe1 Nd4 22. Qe4 Rxg3+ 23. hxg3 Nf3+ 24. Kg2 Nxe1+ 25. Rxe1 Rf6 26.
Rd1 Qf8 27. Qe3 a6 28. Rd4 Qa8+ 29. f3 Qc8 30. Qd3 Rf8 31. Rd6 1/2-1/2

[Event "Michigan Open Reserve"]
[Site "Lansing, MI"]
[Date "2002.09.01"]
[Round "4.45"]
[White "Monge, Jeff"]
[Black "LaFerriere, Adam"]
[Result "1-0"]
[WhiteElo "1575"]
[BlackElo "1354"]
[PlyCount "71"]
[EventDate "2002.08.30"]

1. d4 d5 2. c4 e6 3. Nc3 Bb4 4. Qc2 dxc4 5. e3 Nf6 6. Bxc4 O-O 7. Nf3 Bxc3+ 8.
bxc3 b6 9. e4 Nbd7 10. e5 Nd5 11. Ng5 g6 12. Qd3 Bb7 13. Qh3 h5 14. g4 Nxc3 15.
gxh5 Be4 16. hxg6 Bxg6 17. Qxc3 c5 18. Bd3 cxd4 19. Qxd4 Nxe5 20. Qxd8 Nxd3+
21. Qxd3 Bxd3 22. Rg1 Rfe8 23. Ne4+ Kh8 24. Bb2+ e5 25. Nd6 Re7 26. Rg3 Bg6 27.
Rc1 Rd8 28. Rd1 Re6 29. Nxf7+ Bxf7 30. Rxd8+ Kh7 31. Rd7 Rf6 32. Bxe5 Rf5 33.
Bd4 Kh6 34. Rd8 Bg6 35. Be3+ Kg7 36. Rd6 1-0

[Event "Michigan Open Booster"]
[Site "Lansing, MI"]
[Date "2002.09.01"]
[Round "5.14"]
[White "Mitchell, Dave"]
[Black "Vasos, John"]
[Result "0-1"]
[WhiteElo "1314"]
[BlackElo "1176"]
[PlyCount "65"]
[EventDate "2002.08.30"]

1. e4 e5 2. Nf3 Nc6 3. d4 exd4 4. Nxd4 Nge7 5. Bg5 h6 6. Bh4 g5 7. Bg3 Bg7 8.
Nxc6 Nxc6 9. c3 d6 10. Nd2 b6 11. Qh5 Ne5 12. Nc4 Bg4 13. Bxe5 Bxh5 14. Bxg7
Rg8 15. Bd4 c5 16. Be3 Qe7 17. f3 O-O-O 18. O-O-O Rd7 19. Rd5 Rgd8 20. h4 Bg6
21. hxg5 h5 22. a4 Kc7 23. g3 Rh8 24. Bd3 a6 25. Rd1 Kc6 26. Bc2 h4 27. Bf4 h3
28. Rxd6+ Rxd6 29. Rxd6+ Kb7 30. Rxb6+ Ka7 31. g4 h2 32. Bxh2 Rxh2 33. Nd6 0-1